000 03391nam a2200205Ia 4500
003 Ost
005 20260507075647.0
008 260507s9999||||xx |||||||||||||| ||und||
040 _cfsecg
041 _aara
082 _a808.06634
100 _aصبره، محمود محمد علي
_eمؤلف
245 0 _aأصول الصياغة القانونية T :
_b بالعربية والإنجليزية /
_c محمود محمد علي صبره
260 _aالقاهرة:
_bدار الكتب القانونية,
_c2002
300 _a463 صفحة؛
_bإيضاحات ؛
_c24 سم
520 _aتناول هذا الكتاب المبادئ والقواعد الأساسية التى تحكم الصياغة القانونية ، بشكل عام، والصياغة التشريعية، بشكل خاص. ويرمي إلى تحقيق هدف ذى شقين، الأول التعرف على المبادئ والقواعد السليمة المرعية بالفعل فى الصياغة القانونية وتأصل هذه المبادئ والقواعد والثانى: بحث العيوب التى تشوب الصياغة القانونية ومحاولة الخروج ببعض التوصيات والحلول التى من شأنها تبسيط الوثائق القانونية وجعلها من الوضوح بحيث يسهل فهمها ليس فحسب من جانب دراسى القانون وإنما أيضا من جانب القارئ العادي. وتبرز أهمية دراسة الصياغة التشريعية باللغتين العربية والإنجليزية، بشكل خاص ، فى ضوء الاتجاه الدولى لتوحيد القوانين فى مختلف أنحاء العالم ووضع الاتفاقيات الدولية الملزمة، والاتجاه إلى العولمة. وقد ترتب على كل ذلك، أن أصبحت كل دول لا تستطيع أن تسن قوانينها بمعزل عن القوانين والاتفاقيات الدولية وفى تناولنا لموضوع الكتاب، اقتصرنا على بحث أصول الصياغة القانونية، بوجه عام، والصياغة التشريعية، بوجه خاص، لأسباب عدة أولاً: أن الصياغة التشريعية تعد أهم أنواع الكتابات القانونية، فهى التى تحدد الحقوق، وتفرض الواجبات والالتزامات، وتحظر على المخاطبين بها القيام بأعمال معينى، وتخلوهم سلطة تقديرية وصلاحيات وامتيازات. ثانيا: ان مفهوم الصياغة التشريعية لا يقتصر ، بمعناه الواسع كما سنوضح فيما بعد، على صياغة التشريعات فحسب، بل يمتد ليشمل مل الوثائق القانونية التى تنظم العلاقات وتحدد الحقوق والالتزامات. ومن ثم، يدخل فى إطار مصطلح الصياغة التشريعية، بالإضافة إلى التشريعات، العقود والاتفاقيات والقواعد واللوائح، وغيرها. ثالثا: إن مجال الكتاب القانونية هو من الرحابة بحث لا يمكن تناوله فى كتاب واحد.
653 _aالتشريعات القانونية
653 _aالصياغة القانونية
942 _cكتاب
999 _c45522
_d45522